000
00320pam a2200121a 44500
008
230405s2005 xxu||||| |||| 00| 0 eng d
041
_a
ENG
100
_a
BECKETT /STENLAKE
245
_a
PRACTICAL PHARMACEUTICAL CHEMISTRY PART- ONE
260
_a
NEW DELHI
_b
CBS PUBLISHERS DELHI
_c
2005
300
_a
326
906
_a
2112
999
_c
277383
_d
277383